[Event "CAN-ch U14 Girls"]
[Site "Ottawa"]
[Date "2013.07.11"]
[Round "3"]
[White "Gao, Christine"]
[Black "Bai, Minya"]
[Result "1-0"]
[WhiteElo "1399"]
[BlackElo "1201"]
[PlyCount "105"]
[EventDate "2013.07.10"]
[EventType "swiss"]
[EventRounds "6"]
[EventCountry "CAN"]
[SourceTitle "EXT 2022"]
[Source "ChessBase"]
[SourceDate "2021.10.06"]
[SourceVersion "1"]
[SourceVersionDate "2021.10.06"]
[SourceQuality "1"]

1. e4 c6 2. d4 d5 3. e5 Bf5 4. Bd3 Bxd3 5. Qxd3 e6 6. Nf3 Nd7 7. 0-0 c5 8. c3 Qc7 9. Nbd2 Ne7 10. Nh4 Nc6 11. f4 cxd4 12. cxd4 Nxd4 13. Nb3 Nc5 14. Qxd4 Nxb3 15. Qa4+ Qc6 16. Qxc6+ bxc6 17. axb3 Bc5+ 18. Kh1 Rb8 19. Rf3 Be7 20. g3 Bxh4 21. gxh4 Rb7 22. Rc3 Kd7 23. Ra6 Rc8 24. Be3 Rcc7 25. Bc5 g6 26. b4 h5 27. Rca3 Kc8 28. Rxa7 Rxa7 29. Rxa7 Rxa7 30. Bxa7 Kb7 31. Bc5 Ka6 32. Kg2 Kb5 33. b3 d4 34. Kf3 d3 35. Ke3 Ka6 36. Kxd3 Kb5 37. Kc3 Ka6 38. Kc4 Kb7 39. b5 cxb5+ 40. Kxb5 Kc7 41. Bd6+ Kb7 42. b4 Ka7 43. Kc6 Ka6 44. b5+ Ka5 45. b6 Ka4 46. b7 Kb3 47. b8Q+ Kc4 48. Qb4+ Kd3 49. Bc5 Ke2 50. Qc3 Kd1 51. Qb2 Ke1 52. Qc2 Kf1 53. Qf2# 1-0

[Event "CAN-ch U10 Girls"]
[Site "Windsor"]
[Date "2010.07.08"]
[Round "5"]
[White "Bai, Minya"]
[Black "Peng, Janet"]
[Result "0-1"]
[WhiteElo "1070"]
[BlackElo "1026"]
[PlyCount "90"]
[EventDate "2010.07.06"]
[EventType "tourn"]
[EventRounds "7"]
[EventCountry "CAN"]
[SourceTitle "EXT 2012"]
[Source "ChessBase"]
[SourceDate "2011.11.24"]
[SourceVersion "1"]
[SourceVersionDate "2011.11.24"]
[SourceQuality "1"]

1. e4 e6 2. d4 d5 3. e5 c5 4. c3 Nc6 5. Nf3 Qb6 6. Be2 Nge7 7. b3 Nf5 8. Bb2 Be7 9. 0-0 0-0 10. Qd2 Bd7 11. Na3 Qa5 12. dxc5 Qxc5 13. b4 Qb6 14. Nc2 Rac8 15. a4 Rfd8 16. Ncd4 Nfxd4 17. Nxd4 Nxd4 18. a5 Nb3 19. Qc2 Nxa1 20. Rxa1 Qc7 21. a6 bxa6 22. Bxa6 Rb8 23. Bd3 Qxe5 24. Bxh7+ Kf8 25. c4 Qh5 26. cxd5 exd5 27. Rxa7 Rbc8 28. Qd3 Bb5 29. Qb1 Bf6 30. h3 Bxb2 31. Qxb2 Qxh7 32. Ra5 Bc6 33. b5 Rb8 34. b6 Qg6 35. Qd4 Qf6 36. Qc5+ Kg8 37. Ra7 d4 38. Qb4 d3 39. Ra2 Qg6 40. g3 Qh5 41. Qg4 Qxg4 42. hxg4 Rxb6 43. Rd2 Rb1+ 44. Rd1 Rxd1+ 45. Kh2 Rh1# 0-1